Столиците в света - Statistics

General Stats
  • This quiz has been taken 468 times
  • The average score is 94 of 196
Answer Stats
Country Capital City % Correct
Австрия Виена
95%
България София
89%
Германия Берлин
88%
Гърция Атина
88%
Великобритания Лондон
88%
Италия Рим
87%
Албания Тирана
86%
Андора Андора Ла Веля
86%
Франция Париж
86%
Румъния Букурещ
86%
Русия Москва
86%
Испания Мадрид
86%
Украйна Киев
85%
Ватикана Ватикана
85%
Белгия Брюксел
84%
Македония Скопие
84%
Норвегия Осло
84%
Португалия Лисабон
84%
Сърбия Белград
84%
Дания Копенхаген
83%
Нидерландия Амстердам
83%
Монако Монако
82%
Полша Варшава
82%
Беларус Минск
81%
Унгария Будапеща
81%
Сан Марино Сан Марино
81%
Чехия Прага
80%
Ирландия Дъблин
80%
Швеция Стокхолм
80%
Швейцария Берн
80%
Исландия Рейкявик
79%
Люксембург Люксембург
79%
Хърватия Загреб
77%
Словения Любляна
77%
Босна и Херцеговина Сараево
76%
Естония Талин
76%
Латвия Рига
76%
Словакия Братислава
76%
Черна гора Подгорица
75%
Малта Валета
74%
Косово Прищина
73%
Турция Анкара
73%
САЩ Вашингтон
73%
Финландия Хелзинки
72%
Китай Пекин
71%
Япония Токио
71%
Молдова Кишинев
71%
Мексико Мексико
70%
Канада Отава
69%
Лихтенщайн Вадуц
69%
Литва Вилнюс
69%
Бразилия Бразилия
68%
Индия Делхи
67%
Южна Корея Сеул
67%
Армения Ереван
63%
Азербайджан Баку
63%
Грузия Тбилиси
63%
Аржентина Буенос Айрес
62%
Австралия Канбера
61%
Иран Техеран
61%
Кипър Никозия
60%
Израел Ерусалим
60%
Куба Хавана
59%
Северна Корея Пхенян
59%
ОАЕ Абу Даби
59%
Ирак Багдад
58%
Панама Панама
58%
Катар Доха
58%
Египет Кайро
57%
Сирия Дамаск
57%
Алжир Алжир
56%
Перу Лима
56%
Сингапур Сингапур
56%
Бангладеш Дака
55%
Индонезия Джакарта
55%
Казахстан Астана
55%
Тайланд Банкок
55%
Монголия Улан Батор
54%
Филипини Манила
54%
Виетнам Ханой
54%
Афганистан Кабул
53%
Колумбия Богота
53%
Чили Сантяго
52%
Саудитска Арабия Рияд
52%
Йордания Аман
50%
Кувейт Кувейт
50%
Ливан Бейрут
50%
Тайван Тайпе
50%
Уругвай Монтевидео
50%
Пакистан Исламабад
49%
Венецуела Каракас
49%
Еквадор Кито
48%
Малайзия Куала Лумпур
48%
Малдиви Мале
48%
Тунис Тунис
48%
Камбоджа Пном Пен
47%
Йемен Сана
47%
Непал Катманду
46%
Нова Зеландия Уелингтън
45%
Боливия Сукре / Ла Пас
44%
Таджикистан Душанбе
44%
Узбекистан Ташкент
44%
Ямайка Кингстън
43%
Гватемала Гватемала
42%
Мароко Рабат
42%
Салвадор Сан Салвадор
41%
Кения Найроби
40%
Парагвай Асунсион
40%
Шри Ланка Коломбо
40%
Коста Рика Сан Хосе
39%
Доминиканска република Санто Доминго
39%
Лаос Виентян
39%
Либия Триполи
39%
Туркменистан Ашхабад
39%
Бутан Тхимпху
38%
Киргизстан Бишкек
38%
ДР Конго Киншаса
37%
Източен Тимор Дили
37%
Никарагуа Манагуа
37%
Бахрейн Манама
36%
Етиопия Адис Абеба
36%
Джибути Джибути
35%
Гана Акра
35%
ЮАР Претория
35%
Оман Маскат
34%
Белиз Белмопан
33%
Гаяна Джорджтаун
33%
Мадагаскар Антананариву
33%
Сенегал Дакар
33%
Бруней Бандар Сери Бегаван
33%
Ангола Луанда
32%
Хаити Порт о Пренс
32%
Хондурас Тегусигалпа
32%
Доминика Розо
31%
Гвинея Бисау Бисау
31%
Суринам Парамарибо
31%
Бахами Насау
30%
Кабо Верде Прая
30%
Конго Бразавил
30%
Зимбабве Хараре
30%
Замбия Лусака
28%
Антигуа и Барбуда Сейнт Джонс
27%
Ботсвана Габороне
27%
Фиджи Сува
27%
Нигерия Абуджа
27%
Сомалия Могадишу
27%
Судан Хартум
27%
Барбадос Бриджтаун
26%
Камерун Яунде
26%
Тринидад и Тобаго Порт ъф Спейн
26%
Мианмар Нейпидо
25%
Гренада Сейнт Джорджис
25%
Папуа Нова Гвинея Порт Морзби
25%
Сейнт Винсънт и Гренадини Кингстаун
25%
Танзания Додома
25%
Буркина Фасо Уагадугу
24%
Бурунди Гитега
24%
Сейшели Виктория
24%
Бенин Порто Ново
23%
Кот д'Ивоар Ямусукро
23%
Гвинея Конакри
23%
Либерия Монровия
23%
Того Ломе
23%
Мали Бамако
22%
Мавриций Порт Луи
22%
Самоа Апиа
22%
Гамбия Банджул
21%
Кирибати Южна Тарава
21%
Намибия Виндхук
21%
Руанда Кигали
21%
Сао Томе и Принсипи Сао Томе
21%
Сиера Леоне Фрийтаун
21%
Есватини Мбабане
21%
Вануату Порт Вила
21%
Еритрея Асмара
20%
Микронезия Паликир
20%
Науру Ярен
20%
Сейнт Китс и Невис Бастер
20%
Чад Нджамена
19%
Комори Морони
19%
Мавритания Нуакшот
19%
Палау Нгерулмуд
19%
Соломонови острови Хониара
19%
Сейнт Лусия Кастрийс
19%
Уганда Кампала
19%
Мозамбик Мапуту
18%
Южен Судан Джуба
18%
Тонга Нукуалофа
18%
Лесото Масеру
17%
Маршали Маджуро
16%
Тувалу Фунафути
15%
Габон Либървил
14%
Малави Лилонгве
13%
Нигер Ниамей
13%
ЦАР Банги
12%
Екваториална Гвинея Сиудад де ла Пас
12%
No matching quizzes found
Score Distribution
Percent of People with Each Score
Percentile by Number Answered
Your Score History
You have not taken this quiz